000 00418nam a2200181Ia 4500
001 22873
005 20260414150859.0
008 260414t2013||||xx |||||||||||||| ||spa||
041 _aESP
082 _a624.15136
_bL21
100 _aLambe, William T.
_eAUT
245 0 _aMecánica de suelos
_b
260 _c2013
300 _a582 páginas :
_c27 cm.
650 _a0
654 _aCIC
942 _cLIB
_dJUS
_fJUS
_2ddc
_n
999 _c22873
_d22873